Statistiques concernant Cliquez sur la bonne traduction en espagnol - Les fruits

Cliquez ici pour prendre le quiz!

Statistiques générales

  • Ce quiz a été pris 328 fois
    (306 depuis la dernière actualisation)
  • Le résultat moyen est 13 sur 22

Statistiques - réponses

HintRéponse% Correct
Melon
Melón
97%
Noix de cocoNuez de coco
93%
FramboiseFrambuesa
92%
FraiseFresa
92%
CitronLimón
85%
OrangeNaranja
82%
CeriseCereza
81%
PoirePera
79%
AbricotAlbaricoque
74%
PamplemoussePomelo
71%
AvocatAguacuate
65%
PommeManzana
65%
AnanasPiña
58%
MûreMora
57%
BananePlátano
53%
RaisinUva
50%
OliveAceituna
45%
PêcheMelocotón
32%
PastèqueSandía
21%
NoisetteAvellana
17%
MyrtilleArándano
8%
CacahuèteManí
8%

Distribution des résultats

Percentile par nombre de réponses

% des personnes avec chaque résultat

Votre développement - résultats

Vous n’avez pas pris ce quiz depuis la dernière actualisation